[Event "66.Semifinale Camp. Italiano"]
[Site "Cortina d'Ampezzo ITA"]
[Date "2006.07.09"]
[Round "1.10"]
[White "Fontana, Enrico"]
[Black "Genocchio, Daniele"]
[Result "0-1"]
[WhiteElo "2122"]
[BlackElo "2345"]
[Annotator "Gabriele Ballarin"]
[PlyCount "250"]
[EventDate "2006.07.09"]
[EventType "swiss"]
[EventRounds "9"]
[EventCountry "ITA"]

1. d4 c5 2. d5 d6 3. e4 Nf6 4. Nc3 g6 5. Be2 Bg7 6. Nf3 O-O 7. O-O e6 8. Nd2 exd5 9. exd5 Nbd7 10. Nc4 Nb6 11. h3 Nxc4 12. Bxc4 Re8 13. Re1 Rxe1+ 14. Qxe1 Nd7 15. Be2 Qe7 16. Be3 b6 17. Qd2 a6 18. a4 Qf8 19. Rb1 h6 20. b4 f5 21. bxc5 bxc5 22. Rb3 Nf6 23. Rb6 Nd7 24. Rb3 Kh7 25. a5 Qf6 26. Qc1 Qh4 27. g3 Qe7 28. Na4 Qe4 29. c4 Ne5 30. Qb1 Qxb1+ 31. Rxb1 Bd7 32. Nb6 Rb8 33. f4 Nf7 34. Bd3 Be8 35. Bd2 {=} h5 36. Kg2 Bf6 37. Re1 Kg7 38. Re6 Rd8 39. Kf3 Nh6 40. Bc2 Kf7 41. Ba4 Bxa4 42. Nxa4 Ng8 43. g4 hxg4+ 44. hxg4 fxg4+ 45. Kxg4 Nh6+ 46. Kf3 Nf5 47. Re1 Rb8 48. Nb6 Rh8 49. Nd7 Rh3+ 50. Kg2 Rd3 51. Bc1 Bc3 52. Re2 Nd4 53. Ra2 Nb3 54. Ba3 Nxa5 55. Bxc5 dxc5 56. Nxc5 Rd2+ 57. Rxd2 Bxd2 58. Nxa6 Nxc4 59. Kf3 Kf6 60. Nc5 Nd6 61. Kg4 Bc3 62. Nd7+ Kg7 63. Nc5 Kf7 64. Nd7 Bf6 65. Ne5+ Kg7 66. Nd7 Nc4 67. Kf3 Kf7 68. Nc5 Be7 69. Ne4 Bb4 70. Ng5+ Kg7 71. Ke4 Ba3 72. Nf3 Bb2 73. Nh4 Kf7 74. Kd3 Nd6 75. Kc2 Ba3 76. Kd2 Nf5 77. Nf3 Bd6 78. Kd3 Bxf4 79. Kc4 g5 80. Nxg5+ Bxg5 81. Kd3 Ke7 82. Kc4 Be3 83. Kb5 Nd6+ 84. Kc6 Bf4 85. Kc5 Kf6 86. Kc6 Ke7 87. Kc7 Nf7+ 88. d6+ Bxd6+ 89. Kc6 Ke6 90. Kb7 Kd7 91. Ka8 Nd8 92. Ka7 Ne6 93. Ka8 Kc6 94. Ka7 Nc7 95. Kb8 Bc5 96. Kc8 Ba7 97. Kd8 Nb5 98. Ke7 Bb8 99. Kf6 Nd4 100. Kg5 Kd5 101. Kf6 Be5+ 102. Ke7 Bd6+ 103. Kd7 Nf3 104. Kc8 Kc6 105. Kd8 Ne5 106. Kc8 Bc5 107. Kb8 Nd7+ 108. Ka8 Nb6+ 109. Kb8 Bd6+ 110. Ka7 Bc5 111. Ka6 Bd6 112. Ka5 Nd5 113. Ka6 Nb4+ 114. Ka5 Kc5 115. Ka4 Kc4 116. Ka5 Bc7+ 117. Ka4 Nd5 118. Ka3 Ba5 119. Kb2 Bc3+ 120. Ka2 Bb4 121. Kb2 Ne3 122. Ka2 Kc3 123. Kb1 Ba3 124. Ka2 Nc4 125. Kb1 Kb3 0-1

[Event "66.Semifinale Camp. Italiano"]
[Site "Cortina d'Ampezzo ITA"]
[Date "2006.07.09"]
[Round "1.11"]
[White "De Santis, Alessio"]
[Black "Astengo, Corrado"]
[Result "1-0"]
[WhiteElo "2337"]
[BlackElo "2119"]
[Annotator "Gabriele Ballarin"]
[PlyCount "61"]
[EventDate "2006.07.09"]
[EventType "swiss"]
[EventRounds "9"]
[EventCountry "ITA"]

1. d4 d5 2. c4 c6 3. Nc3 Nf6 4. e3 a6 5. a4 Bf5 6. Qb3 Ra7 7. f3 e6 8. Nge2 Nbd7 9. g4 Bg6 10. h4 h6 11. Nf4 Bd6 12. Nxg6 Bg3+ 13. Kd1 fxg6 14. Qc2 Nf8 15. Bd3 Kf7 16. Qg2 dxc4 17. Bxc4 Bc7 18. Kc2 Ra8 19. Bd2 N8d7 20. f4 Nb6 21. Bb3 Nbd5 22. Raf1 Nb4+ 23. Kb1 c5 24. f5 cxd4 25. fxe6+ Ke7 26. Ne4 a5 27. Nxf6 gxf6 28. Bxb4+ axb4 29. Qxb7 Rb8 30. Qe4 dxe3 31. Rd1 1-0

[Event "66.Semifinale Camp. Italiano"]
[Site "Cortina d'Ampezzo ITA"]
[Date "2006.07.09"]
[Round "1.12"]
[White "Melotti, Dario"]
[Black "Cocchi, Andrea"]
[Result "0-1"]
[WhiteElo "2116"]
[BlackElo "2333"]
[Annotator "Gabriele Ballarin"]
[PlyCount "48"]
[EventDate "2006.07.09"]
[EventType "swiss"]
[EventRounds "9"]
[EventCountry "ITA"]

1. c4 e6 2. Nc3 c5 3. e4 b6 4. Nf3 Bb7 5. Be2 d6 6. d4 cxd4 7. Nxd4 Nf6 8. Qc2 a6 9. O-O Be7 10. f4 O-O 11. Be3 Re8 12. e5 Nfd7 13. Rad1 dxe5 14. fxe5 Bg5 15. Qd2 Bxe3+ 16. Qxe3 Qc7 17. Rxf7 Kxf7 18. Bh5+ g6 19. Qh6 Nf8 20. Bxg6+ hxg6 21. Rf1+ Kg8 22. Nxe6 Nxe6 23. Qxg6+ Ng7 24. e6 Rxe6 0-1

[Event "66.Semifinale Camp. Italiano"]
[Site "Cortina d'Ampezzo ITA"]
[Date "2006.07.02"]
[Round "1.14"]
[White "Milazzo, Mario"]
[Black "Paglietti, Nicola"]
[Result "0-1"]
[WhiteElo "2110"]
[BlackElo "2293"]
[Annotator "M. Milazzo"]
[PlyCount "132"]
[EventDate "2006.07.09"]
[EventType "swiss"]
[EventRounds "9"]
[EventCountry "ITA"]

1. e4 e5 2. Nf3 Nc6 3. Bc4 Bc5 4. d3 Nf6 5. Nc3 a6 6. Be3 (6. Nd5) 6... Bxe3 7. fxe3 d6 8. O-O (8. d4) 8... Na5 9. Bb3 Nxb3 10. axb3 c6 11. Ne2 Qb6 12. Qd2 O-O 13. Ng3 Re8 14. Nh4 Re6 15. Nhf5 Bd7 16. Rae1 d5 17. Qf2 Rf8 18. Qf3 Qb4 19. d4 dxe4 20. Nxe4 Nxe4 21. Qxe4 exd4 22. Qg4 g6 23. Nxd4 (23. c3) 23... Re7 24. Qg5 Rfe8 25. c3 Qd6 26. Rf6 Qe5 27. Qxe5 Rxe5 28. Ref1 R8e7 29. R1f3 c5 30. Nc2 Bf5 31. Na3 Rxe3 32. Rxe3 Rxe3 33. Kf2 Re6 34. Rxe6 Bxe6 35. b4 cxb4 36. cxb4 Bd7 37. Ke3 Kf8 38. Kd4 Ke7 39. Kc5 f5 40. g3 g5 41. Nc4 Bc6 42. Ne5 Ke6 43. Kd4 h5 44. Nd3 Bg2 45. Nc5+ Kf6 46. Nd7+ Ke7 47. Ne5 Ke6 48. Nd3 Kd6 49. Ne5 Bd5 50. Nd3 b6 51. Ke3 Be4 52. Nf2 Kd5 53. Nh3 g4 54. Nf4+ Kc4 55. Nxh5 Kxb4 56. Kd2 a5 57. Nf4 Kb3 58. Kc1 b5 59. h4 gxh3 60. Nxh3 a4 61. Nf4 a3 62. bxa3 Kxa3 63. Ne2 b4 64. Nd4 Ka2 65. Ne2 Bd3 66. Nf4 Bc4 0-1

[Event "66.Semifinale Camp. Italiano"]
[Site "Cortina d'Ampezzo ITA"]
[Date "2006.07.09"]
[Round "1.15"]
[White "Franchini, Gabriele"]
[Black "Astengo, Marcello"]
[Result "1-0"]
[WhiteElo "2292"]
[BlackElo "2109"]
[Annotator "Gabriele Ballarin"]
[PlyCount "61"]
[EventDate "2006.07.09"]
[EventType "swiss"]
[EventRounds "9"]
[EventCountry "ITA"]

1. e4 e6 2. d4 d5 3. Nc3 Nf6 4. e5 Ng8 5. Be3 Ne7 6. Bd3 Nd7 7. f4 c6 8. g4 Ng6 9. Nf3 Nh4 10. Nxh4 Qxh4+ 11. Bf2 Qd8 12. Qf3 Qb6 13. O-O-O Qa5 14. Kb1 b5 15. f5 Nb6 16. g5 exf5 17. Bxf5 Nc4 18. e6 fxe6 19. Bxe6 Bxe6 20. Rhe1 Qb4 21. Rxe6+ Be7 22. b3 Rf8 23. Qg3 Kd7 24. Rde1 Bd6 25. Qh3 Kc7 26. Bg3 Bxg3 27. Re7+ Kb6 28. Qxg3 Rac8 29. Nxd5+ cxd5 30. R1e6+ Ka5 31. Rxa7# 1-0

[Event "66.Semifinale Camp. Italiano"]
[Site "Cortina d'Ampezzo ITA"]
[Date "2006.07.09"]
[Round "1.16"]
[White "Campini, Marco"]
[Black "Sbarra, Marco"]
[Result "1/2-1/2"]
[WhiteElo "2100"]
[BlackElo "2290"]
[Annotator "Gabriele Ballarin"]
[PlyCount "61"]
[EventDate "2006.07.09"]
[EventType "swiss"]
[EventRounds "9"]
[EventCountry "ITA"]

1. e4 e5 2. Nc3 Nf6 3. f4 d5 4. fxe5 Nxe4 5. d3 Nxc3 6. bxc3 Be7 7. d4 c5 8. Nf3 O-O 9. Be2 Nc6 10. O-O Bf5 11. Be3 Rc8 12. Ne1 Qd7 13. Nd3 cxd4 14. cxd4 Nb4 15. Nxb4 Bxb4 16. Rxf5 Qxf5 17. Bd3 Qe6 18. Qh5 g6 19. Qh6 Rc7 20. Bg5 f6 21. exf6 Bc3 22. Rf1 Bxd4+ 23. Kh1 Bxf6 24. Qxf8+ Kxf8 25. Rxf6+ Qxf6 26. Bxf6 Rf7 27. Bd4 a6 28. Kg1 Ke7 29. g3 Kd6 30. Kg2 b5 31. a3 1/2-1/2

[Event "66.Semifinale Camp. Italiano"]
[Site "Cortina d'Ampezzo ITA"]
[Date "2006.07.09"]
[Round "1.17"]
[White "Brancaleoni, Maurizio"]
[Black "Frigieri, Fabrizio"]
[Result "1/2-1/2"]
[WhiteElo "2275"]
[BlackElo "2098"]
[Annotator "Gabriele Ballarin"]
[PlyCount "31"]
[EventDate "2006.07.09"]
[EventType "swiss"]
[EventRounds "9"]
[EventCountry "ITA"]

1. c4 c6 2. e4 d5 3. exd5 cxd5 4. d4 Nf6 5. Nc3 g6 6. Nf3 Bg7 7. Bg5 Ne4 8. cxd5 Nxg5 9. Nxg5 O-O 10. Qd2 Qb6 11. Nf3 e6 12. Rb1 exd5 13. Be2 Be6 14. O-O Nc6 15. Rfd1 Qd8 16. h3 1/2-1/2

[Event "66.Semifinale Camp. Italiano"]
[Site "Cortina d'Ampezzo ITA"]
[Date "2006.07.09"]
[Round "1.18"]
[White "Puzzoni, Christian"]
[Black "Scalcione, Michelangelo"]
[Result "0-1"]
[WhiteElo "2066"]
[BlackElo "2267"]
[Annotator "Gabriele Ballarin"]
[PlyCount "94"]
[EventDate "2006.07.09"]
[EventType "swiss"]
[EventRounds "9"]
[EventCountry "ITA"]

1. e4 d6 2. Bc4 Nf6 3. Qe2 e5 4. Nf3 Be7 5. d4 exd4 6. Nxd4 O-O 7. Nc3 c6 8. Bf4 b5 9. Bd3 a6 10. Nf5 Bxf5 11. exf5 b4 12. Nd1 Nd5 13. Bg3 Nd7 14. O-O Nc5 15. Bc4 Nb6 16. Ne3 Bf6 17. c3 bxc3 18. bxc3 d5 19. Bb3 Ne4 20. Qd3 Nd7 21. Ng4 Bxc3 22. Rac1 Ndc5 23. Qf3 Bf6 24. Rfd1 Re8 25. Bf4 Rc8 26. Bc2 Bb2 27. Rb1 Qa5 28. Rxb2 Ng5 29. Qe3 Rxe3 30. Bxe3 Nge4 31. f3 Nc3 32. Rd2 h5 33. Ne5 Nb5 34. a4 d4 35. Bf4 Nc3 36. f6 gxf6 37. Nc4 Qd8 38. Bf5 Ne6 39. Nd6 Nxf4 40. Nxc8 Kg7 41. g3 Ng6 42. Kf2 {=} Ne5 43. Rbc2 d3 44. f4 Qd4+ 45. Kf1 dxc2 46. Rxc2 Qd1+ 47. Kf2 Ng4+ 0-1

[Event "66.Semifinale Camp. Italiano"]
[Site "Cortina d'Ampezzo ITA"]
[Date "2006.07.09"]
[Round "1.19"]
[White "Martorelli, Antonio"]
[Black "Caracci, Giuseppe"]
[Result "1-0"]
[WhiteElo "2264"]
[BlackElo "2069"]
[Annotator "Gabriele Ballarin"]
[PlyCount "93"]
[EventDate "2006.07.09"]
[EventType "swiss"]
[EventRounds "9"]
[EventCountry "ITA"]

1. e4 c5 2. Nf3 d6 3. d4 cxd4 4. Nxd4 Nf6 5. Nc3 a6 6. g3 g6 7. Bg2 Bg7 8. O-O O-O 9. Re1 Nfd7 10. Nd5 Nc6 11. c3 e6 12. Ne3 Nxd4 13. cxd4 Nb6 14. b3 d5 15. Ba3 Re8 16. exd5 Nxd5 17. Nxd5 exd5 18. Rxe8+ Qxe8 19. Bxd5 h5 20. Qd2 Qd8 21. Bg2 Qxd4 22. Qxd4 Bxd4 23. Rd1 Bf6 24. Re1 Be6 25. Bxb7 Ra7 26. Be4 Kg7 27. h4 Rd7 28. Bb4 Bd5 29. Bxd5 Rxd5 30. Re3 Rd1+ 31. Kg2 Ra1 32. Re2 Rd1 33. Rc2 Rd5 34. Rc5 Rxc5 35. Bxc5 Bc3 36. Kf3 Kf6 37. Ke4 Ke6 38. Kd3 Be1 39. Kc4 Ba5 40. b4 Bc7 41. a4 f5 42. f4 Bd8 43. a5 Bc7 44. b5 axb5+ 45. Kxb5 Kd5 46. a6 Bb8 47. Kb6 1-0

[Event "66.Semifinale Camp. Italiano"]
[Site "Cortina d'Ampezzo ITA"]
[Date "2006.07.09"]
[Round "1.20"]
[White "Gianfelici, Edoardo"]
[Black "Luciani, Valerio"]
[Result "0-1"]
[WhiteElo "2069"]
[BlackElo "2232"]
[Annotator "Gabriele Ballarin"]
[PlyCount "62"]
[EventDate "2006.07.09"]
[EventType "swiss"]
[EventRounds "9"]
[EventCountry "ITA"]

1. d4 d5 2. c4 c6 3. Nf3 Nf6 4. Nc3 dxc4 5. a4 Bf5 6. Ne5 e6 7. f3 Bb4 8. e4 Bxe4 9. fxe4 Nxe4 10. Bd2 Qxd4 11. Nxe4 Qxe4+ 12. Qe2 Bxd2+ 13. Kxd2 Qd5+ 14. Kc2 Na6 15. Nxc4 O-O 16. Qe5 Rfd8 17. Be2 f6 18. Qe3 Qf5+ 19. Kc3 Nc7 20. Kb3 e5 21. g4 Qe6 22. Kc2 Rd4 23. b3 Nd5 24. Qg3 Nf4 25. Bf1 Rad8 26. Re1 Qd5 27. Rg1 b5 28. Nb2 Rd2+ 29. Kb1 Qd4 30. Nc4 bxc4 31. Bxc4+ Kh8 0-1

[Event "66.Semifinale Camp. Italiano"]
[Site "Cortina d'Ampezzo ITA"]
[Date "2006.07.09"]
[Round "1.21"]
[White "Navarro, Stefano"]
[Black "Pomaro, Alberto"]
[Result "0-1"]
[WhiteElo "2224"]
[BlackElo "2046"]
[Annotator "Gabriele Ballarin"]
[PlyCount "56"]
[EventDate "2006.07.09"]
[EventType "swiss"]
[EventRounds "9"]
[EventCountry "ITA"]

1. e4 e6 2. d3 d5 3. Nd2 c5 4. Ngf3 f6 5. g3 Bd6 6. Bg2 Ne7 7. O-O O-O 8. Re1 Nbc6 9. Nf1 Rb8 10. Ne3 d4 11. Nc4 e5 12. a4 Be6 13. Nh4 b6 14. Nf5 Nc8 15. Qg4 Qd7 16. Qe2 a6 17. f4 b5 18. axb5 axb5 19. Ncxd6 Nxd6 20. Nh4 c4 21. f5 Bf7 22. Bd2 b4 23. g4 b3 24. c3 dxc3 25. Bxc3 Rfd8 26. Red1 Nb5 27. dxc4 Nxc3 28. bxc3 b2 0-1

[Event "66.Semifinale Camp. Italiano"]
[Site "Cortina d'Ampezzo ITA"]
[Date "2006.07.09"]
[Round "1.22"]
[White "Laghetti, Gaetano"]
[Black "Pantaleoni, Claudio"]
[Result "0-1"]
[WhiteElo "1972"]
[BlackElo "2222"]
[Annotator "Gabriele Ballarin"]
[PlyCount "66"]
[EventDate "2006.07.09"]
[EventType "swiss"]
[EventRounds "9"]
[EventCountry "ITA"]

1. d4 Nf6 2. c4 e6 3. Nc3 Bb4 4. Qc2 d6 5. a3 Bxc3+ 6. Qxc3 Nbd7 7. Bg5 h6 8. Bh4 b6 9. f3 Qe7 10. e3 Bb7 11. Bd3 c5 12. Ne2 Rc8 13. O-O cxd4 14. Nxd4 Ne5 15. Qb3 Nxd3 16. Qxd3 Ba6 17. Rfc1 d5 18. Nb5 Bxb5 19. cxb5 O-O 20. Rc6 Rxc6 21. bxc6 Qc5 22. Bxf6 gxf6 23. Qd4 Rc8 24. Qf4 Rxc6 25. Qxh6 e5 26. Rd1 Qc4 27. Qh3 Kf8 28. Qh8+ Ke7 29. Qb8 Qc5 30. Qxa7+ Rc7 31. Qa8 Qxe3+ 32. Kf1 Rc2 33. Qa7+ Kf8 0-1

[Event "66.Semifinale Camp. Italiano"]
[Site "Cortina d'Ampezzo ITA"]
[Date "2006.07.09"]
[Round "1.23"]
[White "Satta, Vladimiro"]
[Black "Gaspari, Mauro"]
[Result "1-0"]
[WhiteElo "2221"]
[BlackElo "1805"]
[Annotator "Gabriele Ballarin"]
[PlyCount "67"]
[EventDate "2006.07.09"]
[EventType "swiss"]
[EventRounds "9"]
[EventCountry "ITA"]

1. e4 d6 2. d4 Nf6 3. Bd3 g6 4. Nf3 Bg7 5. O-O O-O 6. h3 c5 7. d5 Nbd7 8. c4 Nh5 9. Nc3 h6 10. Re1 Ne5 11. Nxe5 dxe5 12. Be3 b6 13. Bf1 Bd7 14. g3 Qc8 15. Kh2 Kh7 16. a3 Qc7 17. b4 cxb4 18. axb4 f5 19. exf5 Rxf5 20. d6 exd6 21. Nd5 Qd8 22. g4 Rf8 23. gxh5 Qh4 24. hxg6+ Kh8 25. Ra2 e4 26. Bd4 Be5+ 27. Bxe5+ dxe5 28. Qe2 Rf3 29. Qxe4 Rxh3+ 30. Bxh3 Qxh3+ 31. Kg1 Rg8 32. Nf6 Bf5 33. g7+ Kxg7 34. Nxg8 1-0

[Event "66.Semifinale Camp. Italiano"]
[Site "Cortina d'Ampezzo ITA"]
[Date "2006.07.10"]
[Round "2.2"]
[White "Ronchetti, Niccolo"]
[Black "Franchini, Gabriele"]
[Result "1-0"]
[WhiteElo "2421"]
[BlackElo "2292"]
[Annotator "Gabriele Ballarin"]
[PlyCount "109"]
[EventDate "2006.07.09"]
[EventType "swiss"]
[EventRounds "9"]
[EventCountry "ITA"]

1. e4 e6 2. d4 d5 3. Nc3 Bb4 4. e5 c5 5. a3 Ba5 6. b4 cxd4 7. Nb5 Bc7 8. f4 Ne7 9. Nf3 Nbc6 10. Bd3 Bb8 11. Nbxd4 a6 12. Be3 Ba7 13. O-O Qc7 14. Qe1 Bd7 15. Qg3 Nxd4 16. Nxd4 g6 17. Rfc1 Nc6 18. Nb3 O-O 19. c4 dxc4 20. Rxc4 Bxe3+ 21. Qxe3 Rfc8 22. Rac1 Qd8 23. Nc5 Qb6 24. Kf2 Rd8 25. Be4 a5 26. Nxd7 Qxe3+ 27. Kxe3 Rxd7 28. Bxc6 bxc6 29. Rxc6 Rad8 30. Rc8 Rd3+ 31. Ke2 Rd2+ 32. Ke1 axb4 33. axb4 Kf8 34. b5 Rd1+ 35. Ke2 R1d2+ 36. Ke3 R2d3+ 37. Ke4 R3d4+ 38. Ke3 Rd3+ 39. Ke2 Rd2+ 40. Ke1 Rd1+ 41. Rxd1 Rxc8 42. Kd2 Ke8 43. Rc1 Rd8+ 44. Kc3 Rc8+ 45. Kb2 Rb8 46. Rc5 Kd7 47. Kb3 Ra8 48. Rc2 Ra5 49. Kb4 Ra1 50. b6 Rb1+ 51. Ka5 Ra1+ 52. Kb5 Rb1+ 53. Ka6 Ra1+ 54. Kb7 Rb1 55. Rd2+ 1-0

[Event "66.Semifinale Camp. Italiano"]
[Site "Cortina d'Ampezzo ITA"]
[Date "2006.07.10"]
[Round "2.3"]
[White "Scalcione, Michelangelo"]
[Black "Borgo, Giulio"]
[Result "1-0"]
[WhiteElo "2267"]
[BlackElo "2414"]
[Annotator "Gabriele Ballarin"]
[PlyCount "141"]
[EventDate "2006.07.09"]
[EventType "swiss"]
[EventRounds "9"]
[EventCountry "ITA"]

1. d4 d5 2. c4 e6 3. cxd5 exd5 4. Nc3 c6 5. Qc2 Bd6 6. Nf3 Ne7 7. e4 dxe4 8. Nxe4 Bb4+ 9. Bd2 Bxd2+ 10. Qxd2 Bf5 11. Bd3 Qd5 12. O-O Bxe4 13. Bxe4 Qd6 14. Rfe1 O-O 15. Bc2 Nd7 16. Qd3 Nf6 17. Ne5 Rad8 18. Rad1 g6 19. Qe3 Nfd5 20. Qh6 Qf6 21. Ng4 Qg7 22. Qh4 Kh8 23. Qg5 Ng8 24. Qd2 Nc7 25. Ne5 Nb5 26. Qe3 Nf6 27. a4 Nd5 28. Qb3 Nd6 29. h4 {=} Qf6 30. Qh3 Rfe8 31. Bb3 Nf4 32. Qf3 Kg7 33. g3 Ne6 34. d5 Qxf3 35. Nxf3 cxd5 36. Rxd5 b6 37. a5 bxa5 38. Ne5 Rb8 39. Ba4 Red8 40. Nc6 Nc4 41. Nxd8 Rxd8 42. Rxd8 Nxd8 43. b3 Nd6 44. Re7 N6b7 45. Rd7 Kf6 46. g4 h6 47. Kg2 g5 48. Kg3 a6 49. h5 Kg7 50. Rc7 Nd6 51. Ra7 Ne4+ 52. Kf3 Nc5 53. Ke3 Nde6 54. Be8 Nd8 55. Rc7 Nce6 56. Rc8 Nb7 57. Bc6 Nd6 58. Ra8 Nc5 59. Bd5 Nb5 60. Rc8 Nd7 61. Rd8 Nb6 62. Be4 a4 63. bxa4 Nxa4 64. Bd5 Nc7 65. Bxf7 Nc5 66. Bc4 Kf6 67. Rh8 Kg7 68. Rg8+ Kf6 69. Rg6+ Ke5 70. Rxh6 a5 71. Rc6 1-0

[Event "66.Semifinale Camp. Italiano"]
[Site "Cortina d'Ampezzo ITA"]
[Date "2006.07.10"]
[Round "2.4"]
[White "Luciani, Valerio"]
[Black "Piscopo, Pierluigi"]
[Result "0-1"]
[WhiteElo "2232"]
[BlackElo "2393"]
[Annotator "Gabriele Ballarin"]
[PlyCount "148"]
[EventDate "2006.07.09"]
[EventType "swiss"]
[EventRounds "9"]
[EventCountry "ITA"]

1. d4 c5 2. d5 Nf6 3. c4 e6 4. Nc3 exd5 5. cxd5 d6 6. e4 g6 7. Bd3 Bg7 8. Nge2 O-O 9. O-O Na6 10. f3 Nc7 11. Be3 a6 12. Rb1 Nd7 13. b4 b6 14. f4 Re8 15. bxc5 bxc5 16. e5 dxe5 17. f5 Nb5 18. Nxb5 axb5 19. fxg6 hxg6 20. Bxb5 Ra3 21. Qc1 Rxa2 22. Bxc5 Ba6 23. Qc4 Qc8 24. Qxa2 Qxc5+ 25. Kh1 Bxb5 26. Rfc1 Qb6 27. Nc3 Rc8 28. Qb3 Bd3 29. Qxb6 Nxb6 30. Rxb6 Bh6 31. Rd1 Rxc3 32. Rc6 Rb3 33. d6 Bf5 34. h4 Bf4 35. Kg1 Bg3 36. Kf1 Bd3+ 37. Kg1 Bf5 38. Kf1 Bxh4 39. d7 Rb8 40. Rd5 Be6 41. Rc8+ Rxc8 42. dxc8=Q+ Bxc8 43. Rxe5 Bg4 44. Re3 Kg7 45. g3 Bg5 46. Ra3 Be7 47. Rc3 Bf5 48. Kf2 Be4 49. Rc4 Bd5 50. Rc7 Kf6 51. Rc3 Ke5 52. Rc1 f5 53. Kg1 Bb4 54. Kf2 Ke4 55. Rc8 Kd3 56. Kg1 Ke3 57. Rb8 Be1 58. Re8+ Be4 59. Rg8 Bxg3 60. Rxg6 f4 61. Rd6 Be1 62. Re6 Kf3 63. Kf1 Bb4 64. Re5 Bd3+ 65. Kg1 Bd2 66. Rg5 Be3+ 67. Kh2 Kf2 68. Rg2+ Ke1 69. Ra2 Be2 70. Ra1+ Bd1 71. Ra3 Ke2 72. Ra2+ Bd2 73. Ra8 f3 74. Rf8 Ba4 0-1

[Event "66.Semifinale Camp. Italiano"]
[Site "Cortina d'Ampezzo ITA"]
[Date "2006.07.10"]
[Round "2.5"]
[White "Pantaleoni, Claudio"]
[Black "Bruno, Fabio"]
[Result "1/2-1/2"]
[WhiteElo "2222"]
[BlackElo "2388"]
[Annotator "Gabriele Ballarin"]
[PlyCount "108"]
[EventDate "2006.07.09"]
[EventType "swiss"]
[EventRounds "9"]
[EventCountry "ITA"]

1. b3 d5 2. Bb2 e6 3. e3 Nf6 4. f4 Nbd7 5. Nf3 Bd6 6. Be2 O-O 7. O-O Qe7 8. Ne5 Re8 9. d3 Nf8 10. Nd2 N6d7 11. e4 f6 12. Ng4 Ng6 13. g3 f5 14. e5 fxg4 15. exd6 Qxd6 16. Bxg4 Nf6 17. Bxf6 gxf6 18. Bh5 Qc5+ 19. Kg2 Re7 20. Nf3 d4 21. Nd2 Rg7 22. Kh1 Qf8 23. Bf3 Rb8 24. Qe2 Ne7 25. Qe4 c5 26. b4 b6 27. bxc5 bxc5 28. Rab1 Rb6 29. Nc4 Bb7 30. Qe2 Bxf3+ 31. Qxf3 Rxb1 32. Rxb1 Qd8 33. Rb7 Nf5 34. Rxg7+ Kxg7 35. Qe4 Qd7 36. Kg2 Ne7 37. Kf3 Nd5 38. a3 Qf7 39. g4 h5 40. h3 hxg4+ 41. hxg4 Kf8 42. Nd6 Qd7 43. Nc4 Nc3 44. Qg6 Qb7+ 45. Kg3 Ne2+ 46. Kf2 Qg2+ 47. Ke1 Nc3 48. Qxf6+ Kg8 49. Qxe6+ Kg7 50. Qd7+ Kg8 51. Qc8+ Kg7 52. Qc7+ Kh6 53. Qd6+ Kh7 54. Qe7+ Kg8 1/2-1/2

[Event "66.Semifinale Camp. Italiano"]
[Site "Cortina d'Ampezzo ITA"]
[Date "2006.07.10"]
[Round "2.6"]
[White "Capata, Ion"]
[Black "Mogranzini, Roberto"]
[Result "0-1"]
[WhiteElo "2110"]
[BlackElo "2353"]
[Annotator "Gabriele Ballarin"]
[PlyCount "48"]
[EventDate "2006.07.09"]
[EventType "swiss"]
[EventRounds "9"]
[EventCountry "ITA"]

1. e4 c5 2. c3 Nf6 3. e5 Nd5 4. g3 d6 5. exd6 Qxd6 6. Bg2 Nc6 7. Na3 e6 8. Ne2 Be7 9. d4 cxd4 10. Nb5 Qd8 11. Bxd5 exd5 12. Nbxd4 O-O 13. O-O Ne5 14. Bf4 Ng6 15. Nb5 Bg4 16. f3 Qb6+ 17. Nbd4 Bh3 18. Rf2 Qxb2 19. g4 Bc5 20. Qb1 Qxb1+ 21. Rxb1 Rfe8 22. Bg3 Rac8 23. Nf4 Nxf4 24. Bxf4 Bb6 0-1

[Event "66.Semifinale Camp. Italiano"]
[Site "Cortina d'Ampezzo ITA"]
[Date "2006.07.10"]
[Round "2.7"]
[White "Genocchio, Daniele"]
[Black "Martorelli, Antonio"]
[Result "1-0"]
[WhiteElo "2345"]
[BlackElo "2264"]
[Annotator "Gabriele Ballarin"]
[PlyCount "57"]
[EventDate "2006.07.09"]
[EventType "swiss"]
[EventRounds "9"]
[EventCountry "ITA"]

{[%evp 0,56,24,-17,40,14,14,12,13,3,21,28,28,30,30,26,41,41,17,18,28,36,27,27,27,30,67,30,49,82,79,105,105,103,95,85,104,22,31,50,58,83,83,68,149,102,186,142,152,143,228,185,179,123,216,127,290,460,585]} 1. b3 c5 2. Bb2 Nc6 3. e3 a6 4. c4 e5 5. Nc3 Nf6 6. Nf3 Be7 7. Bd3 d5 8. cxd5 Nxd5 9. Nxd5 Qxd5 10. Qb1 Be6 11. Be4 Qd6 12. O-O f6 13. d4 cxd4 14. exd4 Nxd4 15. Nxd4 exd4 16. Bxb7 Rd8 17. Qd3 a5 18. Qb5+ Kf7 19. Qxa5 Rd7 20. Be4 g6 21. Rfd1 Qf4 22. Qe1 f5 23. Bc6 Rdd8 24. g3 Qg4 25. Bg2 Bf6 26. Rac1 Rc8 27. Rxc8 Bxc8 28. Rc1 Be6 29. Rc7+ {Nur} 1-0

[Event "66.Semifinale Camp. Italiano"]
[Site "Cortina d'Ampezzo ITA"]
[Date "2006.07.10"]
[Round "2.9"]
[White "Cocchi, Andrea"]
[Black "Satta, Vladimiro"]
[Result "1/2-1/2"]
[WhiteElo "2333"]
[BlackElo "2221"]
[Annotator "Gabriele Ballarin"]
[PlyCount "81"]
[EventDate "2006.07.09"]
[EventType "swiss"]
[EventRounds "9"]
[EventCountry "ITA"]

1. Nf3 g6 2. c4 Bg7 3. Nc3 d6 4. g3 c5 5. Bg2 Nc6 6. O-O Nf6 7. d3 O-O 8. Rb1 a6 9. Ne1 Bd7 10. Nc2 Ne8 11. Be3 Rb8 12. Qd2 Nd4 13. b4 b5 14. bxc5 dxc5 15. Ne4 bxc4 16. Rxb8 Qxb8 17. dxc4 Nd6 18. Qd3 Nxe4 19. Bxe4 e5 20. Nxd4 cxd4 21. Bg5 Be6 22. c5 Qc7 23. Rc1 Bxa2 24. Qxa6 Be6 25. Bd2 Qc8 26. Bb7 Qd8 27. Ba5 Qg5 28. Rd1 e4 29. c6 d3 30. Bb6 dxe2 31. Re1 Bg4 32. Be3 Qe5 33. Rxe2 Bxe2 34. Qxe2 Qa1+ 35. Kg2 Qb1 36. Bc5 Rb8 37. Qd2 Qd3 38. Qf4 Bf8 39. Bxf8 Rxf8 40. c7 Qc2 41. c8=Q 1/2-1/2

[Event "66.Semifinale Camp. Italiano"]
[Site "Cortina d'Ampezzo ITA"]
[Date "2006.07.10"]
[Round "2.11"]
[White "Vezzosi, Paolo"]
[Black "Brancaleoni, Maurizio"]
[Result "1/2-1/2"]
[WhiteElo "2356"]
[BlackElo "2275"]
[Annotator "Gabriele Ballarin"]
[PlyCount "31"]
[EventDate "2006.07.09"]
[EventType "swiss"]
[EventRounds "9"]
[EventCountry "ITA"]

1. Nf3 d5 2. c4 e6 3. g3 Nf6 4. Bg2 Be7 5. O-O O-O 6. d4 dxc4 7. Ne5 Nc6 8. Bxc6 bxc6 9. Nxc6 Qe8 10. Nxe7+ Qxe7 11. Qa4 e5 {=} 12. dxe5 Qxe5 13. Qxc4 Be6 14. Qc2 Bf5 15. Qc4 Be6 16. Qc2 1/2-1/2

[Event "66.Semifinale Camp. Italiano"]
[Site "Cortina d'Ampezzo ITA"]
[Date "2006.07.10"]
[Round "2.12"]
[White "Sbarra, Marco"]
[Black "Piva, Giorgio"]
[Result "1-0"]
[WhiteElo "2290"]
[BlackElo "2129"]
[Annotator "Gabriele Ballarin"]
[PlyCount "31"]
[EventDate "2006.07.09"]
[EventType "swiss"]
[EventRounds "9"]
[EventCountry "ITA"]

1. c4 e5 2. Nc3 Nc6 3. Nf3 Bb4 4. Nd5 a5 5. Nxb4 axb4 6. d4 e4 7. Nd2 d5 8. e3 Nf6 9. f3 O-O 10. cxd5 Qxd5 11. fxe4 Nxe4 12. Bc4 Qf5 13. Nxe4 Qxe4 14. O-O Ne5 15. Rf4 Qc6 16. dxe5 1-0